Flags of non UN countries and territories - Statistics

General Stats
  • This quiz has been taken 80 times
  • The average score is 42 of 67
Answer Stats
Picture Answer % Correct
Scotland
93%
England
91%
Wales
91%
Hong Kong
86%
Kosovo
86%
Isle of Man
84%
Taiwan
84%
American Samoa
83%
Palestine
83%
Puerto Rico
83%
Greenland
81%
Guam
81%
Northern Ireland
79%
United States Virgin Islands
79%
Aruba
78%
Faroe Islands
78%
Gibraltar
78%
Catalonia
76%
Macau
76%
Mayotte
72%
Jersey
71%
Northern Cyprus
71%
Åland Islands
69%
French Polynesia
69%
Guernsey
69%
New Caledonia
69%
Niue
69%
Bermuda
66%
Christmas Island
66%
Falkland Islands
66%
Western Sahara
66%
Cook Islands
64%
Curaçao
64%
French Guiana
64%
Somaliland
64%
Anguilla
62%
Tibet
60%
Transnistria
59%
British Virgin Islands
57%
South Ossetia
57%
Turks and Caicos Islands
57%
Basque
55%
Bonaire
53%
Guadeloupe
53%
Norfolk Island
53%
Reunion
53%
Saint Helena
53%
Montserrat
52%
Northern Mariana Islands
52%
Abkhazia
50%
British Indian Ocean Territory
50%
Cocos Islands
50%
Saba
50%
Tokelau
50%
Cayman Islands
48%
Martinique
47%
Sint Maarten
45%
South Georgia and the South Sandwich Islands
43%
Wallis and Futuna
43%
Easter Island
41%
French Southern and Antarctic Territories
40%
Pitcairn Islands
40%
Saint Pierre and Miquelon
40%
Artsakh
36%
Tristan da Cunha
34%
Sint Eustatius
33%
Ascension Island
29%
No matching quizzes found
Score Distribution
Percent of People with Each Score
Percentile by Number Answered
Your Score History
You have not taken this quiz